000 00379nam a2200121Ia 4500
008 230907s9999||||xx |||||||||||||| ||und||
082 _a530.474
_bIVA-C
100 _aIvanov, Dmitry Yu.
_9114963
245 0 _aCritical behavior of non-ideal systems /
260 _aWiley-VCH ; | John Wile, distributor],
_bWeinheim : | [Chichester :
_c2008
300 _axiv, 257 p. :
942 _cBK
999 _c597108
_d597108